Patenty a úloha Technology Transfer Offices (TTO) na univerzitách v Slovenskej republike bakalárska práca

Enregistré dans:
Détails bibliographiques
Auteur principal: Ciran, Denis
Collectivité auteur: Národohospodárska fakulta EU. Katedra verejnej správy a regionálneho rozvoja
Autres auteurs: Belvončíková, Eva, 1975-
Format: Livre
Langue:slovaque
Publié: Bratislava 2022
Tags: Ajouter un tag
Pas de tags, Soyez le premier à ajouter un tag!

MARC

LEADER 00000nbm a2200000 4500
001 0285048
005 20221104101331.0
041 0 |a slo 
044 |a SK 
245 1 0 |a Patenty a úloha Technology Transfer Offices (TTO) na univerzitách v Slovenskej republike  |b bakalárska práca  |c Denis Ciran ; školiteľ: Eva Belvončíková 
264 1 |a Bratislava  |c 2022 
300 |a 41 s. 
100 1 |a Ciran, Denis 
700 1 |a Belvončíková, Eva, 1975- 
710 2 |a Národohospodárska fakulta EU. Katedra verejnej správy a regionálneho rozvoja